| 000 | 006150000a22001810004500 | ||
|---|---|---|---|
| 003 | MACL | ||
| 005 | 20160518113933.0 | ||
| 008 | 160518b xxu||||| |||| 00| 0 eng d | ||
| 040 |
_aMACL _cMACL |
||
| 041 | _aHindi | ||
| 082 | _a891.433 | ||
| 100 |
_aउपाध्याय, राजीव रंजन _957806 |
||
| 245 |
_aआधुनिक विज्ञान कथाएं _cराजीव रंजन उपाध्याय |
||
| 260 |
_bग्रंथ अकादेमी _c1997 _aदिल्ली |
||
| 350 | _a90 | ||
| 650 |
_aStories _957807 |
||
| 942 |
_cHIN _k891.433/UPA/S _2ddc |
||
| 999 |
_c11005 _d11005 |
||